Online
Catalog

Fundamentos de la corrosión / (Record no. 23543)

MARC details
000 -CABECERA
campo de control de longitud fija 00804nam a2200253 a 4500
001 - NÚMERO DE CONTROL
campo de control 000024048
005 - FECHA Y HORA DE LA ÚLTIMA TRANSACCIÓN
campo de control 20200930022656.0
008 - DATOS DE LONGITUD FIJA--INFORMACIÓN GENERAL
campo de control de longitud fija 110118s1968 sp a r 001 0 spa d
040 ## - FUENTE DE LA CATALOGACIÓN
Centro catalogador/agencia de origen DO-SdBNP
Lengua de catalogación spa
Centro/agencia transcriptor BNPHU
082 ## - NÚMERO DE LA CLASIFICACIÓN DECIMAL DEWEY
Número de clasificación 620.11223
Número de documento/Ítem S437f
049 ## - FONDOS LOCALES (OCLC)
Fondos de biblioteca BNGR
100 1# - ENTRADA PRINCIPAL--NOMBRE DE PERSONA
Nombre de persona Scully, J. C.
9 (RLIN) 49413
245 10 - MENCIÓN DE TÍTULO
Título Fundamentos de la corrosión /
Mención de responsabilidad, etc. J. C. Scully ; traducción Sebastián Feliu.
260 ## - PUBLICACIÓN, DISTRIBUCIÓN, ETC.
Lugar de publicación, distribución, etc. Madrid :
Nombre del editor, distribuidor, etc. Alhambra,
Fecha de publicación, distribución, etc. 1968.
300 ## - DESCRIPCIÓN FÍSICA
Extensión 216 p. :
Otras características físicas il. ;
Dimensiones 20 cm.
490 1# - MENCIÓN DE SERIE
Mención de serie Exedra ;
Designación de volumen o secuencia 33
500 ## - NOTA GENERAL
Nota general Incluye índice de materias.
500 ## - NOTA GENERAL
Nota general Incluye bibliografía p. [209-214].
534 ## - NOTA SOBRE LA VERSIÓN ORIGINAL
Encabezamiento principal del original The fundamentals of corrosion.
650 #4 - PUNTO DE ACCESO ADICIONAL DE MATERIA--TÉRMINO DE MATERIA
Término de materia o nombre geográfico como elemento de entrada Corrosión y anticorrosivos
9 (RLIN) 15320
650 #4 - PUNTO DE ACCESO ADICIONAL DE MATERIA--TÉRMINO DE MATERIA
Término de materia o nombre geográfico como elemento de entrada Oxidación
9 (RLIN) 15323
700 1# - PUNTO DE ACCESO ADICIONAL--NOMBRE DE PERSONA
Nombre de persona Feliu, Sebastián,
Término indicativo de función/relación tr.
9 (RLIN) 49414
830 #0 - PUNTO DE ACCESO ADICIONAL DE SERIE-TÍTULO UNIFORME
Título uniforme Exedra ;
Número de parte o sección de la obra 33
9 (RLIN) 49415
Holdings
Estado de retiro Estado de pérdida Restricciones de uso No para préstamo Código de colección Localización permanente Ubicación/localización actual Ubicación en estantería Fecha de adquisición Número de inventario Total de préstamos Signatura topográfica completa Código de barras Fecha visto por última vez Precio válido a partir de Tipo de ítem Koha
        Monografías: Libros y Folletos General General En catalogación 18.01.2011 LF1   620.11223 S437f 24048-10 25.06.2020 25.06.2020 Préstamo en sala

Powered by Koha